The California Gold Rush / (Record no. 1812)

MARC details
000 -LEADER
fixed length control field 01333cam a2200337 a 4500
001 - CONTROL NUMBER
control field 1812
003 - CONTROL NUMBER IDENTIFIER
control field FISKH
005 - DATE AND TIME OF LATEST TRANSACTION
control field 20231004075947.0
008 - FIXED-LENGTH DATA ELEMENTS--GENERAL INFORMATION
fixed length control field 090424s2010 nyua j b 001 0 eng
010 ## - LIBRARY OF CONGRESS CONTROL NUMBER
LC control number 2009017524
020 ## - INTERNATIONAL STANDARD BOOK NUMBER
International Standard Book Number 9780531205815 (hardcover)
020 ## - INTERNATIONAL STANDARD BOOK NUMBER
International Standard Book Number 9780531212448 (softcover)
040 ## - CATALOGING SOURCE
Original cataloging agency DLC
Transcribing agency DLC
Modifying agency DLC
Language of cataloging eng
043 ## - GEOGRAPHIC AREA CODE
Geographic area code n-us-ca
050 00 - LIBRARY OF CONGRESS CALL NUMBER
Classification number F865
Item number .F83 2010
082 00 - DEWEY DECIMAL CLASSIFICATION NUMBER
Classification number 979.4/04
Edition number 22
100 1# - MAIN ENTRY--PERSONAL NAME
Personal name Friedman, Mel,
Dates associated with a name 1946-
245 14 - TITLE STATEMENT
Title The California Gold Rush /
Statement of responsibility, etc. by Mel Friedman.
260 ## - PUBLICATION, DISTRIBUTION, ETC.
Place of publication, distribution, etc. New York :
Name of publisher, distributor, etc. Scholastic,
Date of publication, distribution, etc. 2010.
300 ## - PHYSICAL DESCRIPTION
Extent 48 pages :
Other physical details color illustrations ;
Dimensions 23 cm.
490 0# - SERIES STATEMENT
Series statement A true book
505 0# - FORMATTED CONTENTS NOTE
Formatted contents note Z<br/>
520 ## - SUMMARY, ETC.
Summary, etc. Discover the brief, brutal period of U.S. history known as the gold rush. Characterized by hope, greed, enterprise and thug rule, the gold rush transformed life in America--and began in January, 1848, with James Marshall's accidental discovery of gold in California.
521 8# - TARGET AUDIENCE NOTE
Target audience note 900<br/>
Source Lexile <br/>
521 8# - TARGET AUDIENCE NOTE
Target audience note Z<br/>
Source Raz-Plus<br/>
651 #0 - SUBJECT ADDED ENTRY--GEOGRAPHIC NAME
Geographic name California
General subdivision Gold discoveries
Form subdivision Juvenile literature.
651 #0 - SUBJECT ADDED ENTRY--GEOGRAPHIC NAME
Geographic name California
General subdivision History
Chronological subdivision 1846-1850
Form subdivision Juvenile literature.
906 ## - LOCAL DATA ELEMENT F, LDF (RLIN)
a 7
b cbc
c orignew
d 1
e ecip
f 20
g y-gencatlg
942 ## - ADDED ENTRY ELEMENTS (KOHA)
Source of classification or shelving scheme Dewey Decimal Classification
Koha item type Books
Suppress in OPAC No
Holdings
Withdrawn status Lost status Source of classification or shelving scheme Damaged status Not for loan Collection Home library Current library Shelving location Date acquired Total Checkouts Full call number Barcode Date last seen Price effective from Koha item type
    Dewey Decimal Classification     Non-Fiction Footprints International School Library Network Toul Kork Campus Footprints International School Library Network Toul Kork Campus A TK Campus, 4th Floor, Room B401, Non-Fiction Bookcases(7-8) 10/04/2023   FRI 979.4 F865.F83 FISTK01603 10/04/2023 10/04/2023 Books